Mark's other gospel : rethinking morton smith's controversial discovery

Saved in:
Bibliografiske detaljer
Hovedforfatter: BROWN, Scott G.
Format: Bog
Sprog:engelsk
Udgivet: Wilfrid Laurier 2005
Tags: Tilføj Tag
Ingen Tags, Vær først til at tagge denne postø!

MARC

LEADER 00000nam a22000007a 4500
008 240312b |||||||| |||| 00| 0 eng d
020 |a 9781554584499 
100 |a BROWN, Scott G. 
245 |a Mark's other gospel  |b : rethinking morton smith's controversial discovery   |c Scott G. Brown  |g xxiii,332p. 
260 |b Wilfrid Laurier  |c 2005  |h Ontario  |i 699995  |i 699996  |l BS2860.S42B81  |m Secret gospel according to mark  |m Canadian corporation for studies in religion 
500 |a It includes references and index 
942 |a lcc  |c BK  |e Adeyemo O.O  |f 12/03/2024 
952 |0 0  |1 0  |2 lcc  |4 0  |6 BS2860 S42 B81  |7 0  |9 4968  |a ART  |b HOL  |c AF  |d 2024-03-12  |l 0  |o BS2860.S42B81  |p 2024-0219  |r 2024-03-12 00:00:00  |t 699995  |w 2024-03-12  |y BK 
952 |0 0  |1 0  |2 lcc  |4 0  |6 BS2860 S42 B81  |7 0  |9 4969  |a HOL  |b HOL  |c AF  |d 2024-03-12  |l 0  |o BS2860.S42B81  |p 2024-0220  |r 2024-03-12 00:00:00  |t 699996  |w 2024-03-12  |y BK 
999 |c 2466  |d 2466